000 00933nam a22003018i 4500
001 020378660
003 EG-ScBUE
005 20260215110827.0
008 210901s2022 enk f b 001 0 eng d
020 _a9781472274236 (pbk.)
040 _aStDuBDS
_beng
_erda
_cStDuBDS
_dEG-ScBUE
082 0 4 _a612.8233
_222
_bGUP
100 1 _aGupta, Sanjay,
_d1969-
_eauthor.
245 1 0 _aKeep sharp /
_cSanjay Gupta.
264 1 _aLondon :
_bHeadline,
_c2022.
300 _a318 pages ;
_c20 cm
336 _atext
_2rdacontent
_btxt
337 _aunmediated
_2rdamedia
_bn
338 _avolume
_2rdacarrier
_bnc
504 _aIncludes bibliographical references and index.
650 7 _aCognitive neuroscience
_vPopular works.
_2BUEsh
650 7 _aBrain
_vPopular works.
_2BUEsh
650 7 _aIntellect
_vPopular works.
_2BUEsh
653 _cFebruary2026
_bGGEN
655 _vReading book
942 _2ddc
_cBB
999 _c31128
_d31099